Statistiques concernant Œuvres du Studio Ghibli

Cliquez ici pour prendre le quiz!

Statistiques générales

  • Ce quiz a été pris 54 fois
  • Le résultat moyen est 14 sur 40

Statistiques - réponses

Année de parutionRéalisateurType d’œuvreNom de l’œuvre% Correct
1997Hayao MiyazakiLong-métragePrincesse Mononoké
92%
2001Hayao MiyazakiLong-métrageLe Voyage de Chihiro
90%
1986Hayao MiyazakiLong-métrageLe Château dans le ciel
85%
1988Hayao MiyazakiLong-métrageMon voisin Totoro
85%
2004Hayao MiyazakiLong-métrageLe Château ambulant
81%
1989Hayao MiyazakiLong-métrageKiki la petite sorcière
75%
1988Isao TakahataLong-métrageLe Tombeau des lucioles
73%
1992Hayao MiyazakiLong-métragePorco Rosso
73%
2008Hayao MiyazakiLong-métragePonyo sur la falaise
71%
2013Hayao MiyazakiLong-métrageLe vent se lève
65%
2002Hiroyuki MoritaLong-métrageLe Royaume des chats
63%
1994Isao TakahataLong-métragePompoko
54%
2011Gorō MiyazakiLong-métrageLa Colline aux coquelicots
50%
1995Yoshifumi KondōLong-métrageSi tu tends l'oreille
48%
2010Hiromasa YonebayashiLong-métrageArrietty, le petit monde des chapardeurs
42%
1991Isao TakahataLong-métrageSouvenirs goutte à goutte
38%
2020Gorō MiyazakiTéléfilmAya et la Sorcière
35%
2013Isao TakahataLong-métrageLe Conte de la princesse Kaguya
35%
2006Gorō MiyazakiLong-métrageLes Contes de Terremer
35%
1999Isao TakahataLong-métrageMes voisins les Yamada
35%
2014Hiromasa YonebayashiLong-métrageSouvenirs de Marnie
35%
1993Tomomi MochizukiTéléfilmJe peux entendre l'océan
31%
2016Michael Dudok de WitLong-métrageLa Tortue rouge
29%
2018Hayao MiyazakiCourt-métrageBoro la petite chenille
8%
2006Hayao MiyazakiCourt-métrageÀ la recherche d'une maison
4%
2001Hayao MiyazakiCourt-métrageLa Chasse à la baleine
4%
2002Hayao MiyazakiCourt-métrageLa Grande Excursion de Koro
4%
2006Hayao MiyazakiCourt-métrageLe Jour où j'ai cultivé une étoile
4%
2010Akihiko YamashitaCourt-métrageLes Souris sumo
4%
2006Hayao MiyazakiCourt-métrageMonomon l'araignée d'eau
4%
2000Yoshiyuki MomoseCourt-métrageGhiblies
2%
2002Yoshiyuki MomoseCourt-métrageGhiblies Episode 2
2%
2007Naohisa InoueCourt-métrageIblard Jikan
2%
2011Hayao MiyazakiCourt-métrageLa Chasse au trésor
2%
2010Hayao MiyazakiCourt-métrageM. Pâte et la princesse Œuf
2%
1995Hayao MiyazakiCourt-métrageOn Your Mark
2%
2006Kazuo OgaCourt-métrageLa Nuit de Taneyamagahara
0%
2002Hayao MiyazakiCourt-métrageMei et le Chatonbus
0%
2014-2015Gorō MiyazakiSérieRonja fille de brigand
0%
2012Shinji HiguchiCourt-métrageUn dieu-guerrier géant apparaît à Tokyo
0%

Distribution des résultats

Percentile par nombre de réponses

% des personnes avec chaque résultat

Votre développement - résultats

Vous n’avez pas pris ce quiz